Animaux dans des titres de Films - Statistiques

Statistiques générales
  • Ce quiz a été pris 108 fois
  • Le résultat moyen est 20 sur 30
Statistiques - réponses
Hint Réponse % Correct
Le ... Potté Chat
98%
Les 101 ... Dalmatiens
95%
Le Silence des... Agneaux
94%
La Planète des... Singes
94%
La Princesse et la ... Grenouille
93%
Le Roi... Lion
91%
L'Effet ... Papillon
89%
Danse avec les... Loups
85%
L'Homme qui murmurait à l'Oreille des... Chevaux
84%
Vol au-dessus d'un Nid de... Coucou
83%
Un ..., ça trompe énormément Eléphant
83%
La ... Rose Panthère
78%
Le Tombeau des ... Lucioles
74%
... Dundee Crocodile
70%
Babe, le ... devenu Berger Cochon
69%
La Chute du ... Noir Faucon
69%
L'Affaire... Pélican
59%
... au Poing Vipère
59%
Des ... et des Hommes Souris
56%
La ... et le Prisonnier Vache
56%
Là où chantent les... Ecrevisses
55%
Un ... nommé Wanda Poisson
55%
Un ... dans un Jeu de Quilles Chien
52%
Les Trois Jours du... Condor
49%
... Girls Coyote
49%
... et Dragon Tigre
48%
Le ... et l'Enfant Renard
42%
... dans la Brume Gorilles
40%
L'Année des... Méduses
40%
Un Amour de ... Coccinelle
34%
Aucun quiz correspondant
Distribution des résultats
% des personnes avec chaque résultat
Percentile par nombre de réponses
Votre historique - résultats
Vous n’avez pas pris ce quiz